ARRUPE JESUIT UNIVERSITY

CORONAVIRUS -STOP THE SPREAD - CLEAN,DISINFECT,COVER

Narrative fiction : (Record no. 127096)

MARC details
000 -LEADER
fixed length control field 01295cam a2200313 a 4500
001 - CONTROL NUMBER
control field 12768520
003 - CONTROL NUMBER IDENTIFIER
control field ARRUPE
005 - DATE AND TIME OF LATEST TRANSACTION
control field 20171016121301.0
008 - FIXED-LENGTH DATA ELEMENTS--GENERAL INFORMATION
fixed length control field 020508r20021983enk b 001 0 eng
010 ## - LIBRARY OF CONGRESS CONTROL NUMBER
LC control number 2002069784
020 ## - INTERNATIONAL STANDARD BOOK NUMBER
International Standard Book Number 0415280214
020 ## - INTERNATIONAL STANDARD BOOK NUMBER
International Standard Book Number 0415280222 (pbk.)
040 ## - CATALOGING SOURCE
Original cataloging agency DLC
Transcribing agency DLC
Modifying agency DLC
042 ## - AUTHENTICATION CODE
Authentication code pcc
050 00 - LIBRARY OF CONGRESS CALL NUMBER
Classification number PN212
Item number .R55 2002
082 00 - DEWEY DECIMAL CLASSIFICATION NUMBER
Classification number 808.3
Edition number 21
300 ## - PHYSICAL DESCRIPTION
Dimensions 23 cm.
100 1# - MAIN ENTRY--PERSONAL NAME
Personal name Rimmon-Kenan, Shlomith.
9 (RLIN) 37033
245 10 - TITLE STATEMENT
Title Narrative fiction :
Remainder of title contemporary poetics /
Statement of responsibility, etc Shlomith Rimmon-Kenan.
250 ## - EDITION STATEMENT
Edition statement 2nd ed.
260 ## - PUBLICATION, DISTRIBUTION, ETC. (IMPRINT)
Place of publication, distribution, etc London ;
-- New York :
Name of publisher, distributor, etc Routledge,
Date of publication, distribution, etc 2002.
300 ## - PHYSICAL DESCRIPTION
Extent x, 192 p. ;
490 1# - SERIES STATEMENT
Series statement New accents
504 ## - BIBLIOGRAPHY, ETC. NOTE
Bibliography, etc Includes bibliographical references (p. [161]-181) and index.
650 #0 - SUBJECT ADDED ENTRY--TOPICAL TERM
Topical term or geographic name as entry element Narration (Rhetoric)
9 (RLIN) 22163
830 #0 - SERIES ADDED ENTRY--UNIFORM TITLE
Uniform title New accents (Routledge (Firm))
9 (RLIN) 19391
906 ## - LOCAL DATA ELEMENT F, LDF (RLIN)
a 7
b cbc
c orignew
d 1
e ocip
f 20
g y-gencatlg
942 ## - ADDED ENTRY ELEMENTS (KOHA)
Source of classification or shelving scheme Library of Congress Classification
Koha item type Monograph ( Printed materials)
Holdings
Withdrawn status Lost status Source of classification or shelving scheme Damaged status Not for loan Collection code Home library Current library Shelving location Date acquired Total Checkouts Full call number Barcode Date last seen Date checked out Price effective from Koha item type
    Library of Congress Classification     Main Collection ARRUPE LIBRARY ARRUPE LIBRARY Main Collection 11/10/2017 1 PN212 .R55 2002 46500027548 21/04/2022 24/01/2022 11/10/2017 Monograph ( Printed materials)

 

Arrupe Library. PO Box MP320 Mt Pleasant, Harare, Zimbabwe
263 242 745411|librarian@aju.ac.zw